| 000 | 01275cam a22003977a 4500 | ||
|---|---|---|---|
| 001 | 6236 | ||
| 003 | FISKH | ||
| 005 | 20250403112854.0 | ||
| 008 | 050913s2005 nyua b 000 1 eng d | ||
| 010 | _a 2005280233 | ||
| 020 | _a043968076X | ||
| 020 | _a9780439680769 | ||
| 040 |
_aWDG _cWDG _dOCLCQ _dDLC _beng |
||
| 050 | _aPZ7.T3 F | ||
| 082 | _a513 | ||
| 100 | 1 |
_aThaler, Mike, _d1936- |
|
| 245 | 1 | 4 |
_aThe field day from the Black Lagoon / _cby Mike Thaler ; illustrated by Jared Lee. |
| 260 |
_aNew York : _bScholastic, _c2005. |
||
| 300 |
_a64 pages : _billustrations ; _c20 cm |
||
| 490 | 1 |
_aBlack lagoon adventures ; _vBook 6 |
|
| 505 | _aR | ||
| 520 | _aField day is one week away, and everyone has to go, but with crazy coach Kong making up all the events, it just might be a field day of screams. | ||
| 521 |
_a680
_bLexile |
||
| 521 |
_aR
_bRaz-Plus |
||
| 650 | 0 |
_aFear _vJuvenile fiction. |
|
| 650 | 0 |
_aSchools _vJuvenile fiction. |
|
| 650 | 0 | _aSports stories. | |
| 650 | 1 |
_aContests _vFiction. |
|
| 650 | 1 |
_aSchools _vFiction. |
|
| 650 | 1 |
_aFear _vFiction. |
|
| 650 | 1 | _aHumorous stories. | |
| 700 | 1 |
_aLee, Jared D., _eillustrator |
|
| 906 |
_a7 _bcbc _ccopycat _d3 _encip _f20 _gy-gencatlg |
||
| 942 |
_2ddc _cBK _n0 |
||
| 999 |
_c6236 _d6236 |
||